000 00271nam a22001097a 4500
082 _a669.142 HAN'E
100 _aPARR, J. GORDON,HANSON, ALBERT
_956727
245 _aTHE ENGINEERS GUIDE TO STEEL
260 _aLONDON
_bADDISON WESLEY
_c1965
300 _a406P
942 _cBK
999 _c567085
_d567085